| 000 | 01258cam a2200313 a 4500 | ||
|---|---|---|---|
| 090 | _c0 | ||
| 001 | 14411982 | ||
| 005 | 20061212173651.0 | ||
| 008 | 060613s2007 njuab b 001 0 eng | ||
| 010 | _a 2006019529 | ||
| 020 | _a0131856030 | ||
| 035 | _a(OCoLC)ocm70158405 | ||
| 035 | _a(OCoLC)70158405 | ||
| 040 |
_aDLC _cDLC _dBAKER _dC#P _dBTCTA _dYDXCP _dDLC |
||
| 050 | 0 | 0 |
_aTK5105.88813 _b.J33 2007 |
| 082 | 0 | 0 |
_a006.76 _222 _bJAC |
| 100 | 1 | _aJackson, Jeffrey C. | |
| 245 | 1 | 0 |
_aWeb technologies : _bA computer science perspective / _cJeffrey C. Jackson. |
| 260 |
_aUpper Saddle River, N.J. : _bPearson/Prentice Hall, _cc2007. |
||
| 300 |
_axvi, 574 p. : _bill., map ; _c24 cm. |
||
| 504 | _aIncludes bibliographical references (p. 551-555) and index. | ||
| 650 | 0 | _aWeb services. | |
| 650 | 0 | _aWorld Wide Web. | |
| 650 | 0 | _aInternet programming. | |
| 856 | 4 | 1 |
_3Table of contents _uhttp://www.loc.gov/catdir/toc/ecip0615/2006019529.html |
| 942 |
_2ddc _cBB |
||
| 999 |
_c10488 _d10488 |
||